ਉਰਦੂ ਪੰਜਾਬੀ ਹਿੰਦੀ ਕੋਸ਼ (Record no. 1230048)

MARC details
000 -LEADER
fixed length control field 00632nam a2200205Ia 4500
005 - DATE AND TIME OF LATEST TRANSACTION
control field 20241129111340.0
008 - FIXED-LENGTH DATA ELEMENTS--GENERAL INFORMATION
fixed length control field 241129s9999||||xx |||||||||||||| ||und||
037 ## - SOURCE OF ACQUISITION
Stock number REF
040 ## - CATALOGING SOURCE
Original cataloging agency CRL
Language of cataloging pun
Transcribing agency CRL
041 ## - LANGUAGE CODE
Language code of text/sound track or separate title pun
Source of code pun
084 ## - COLON CLASSIFICATION NUMBER
Classification number P168:4k 153R3(RR)
Assigning agency CRL
245 #0 - TITLE STATEMENT
Title ਉਰਦੂ ਪੰਜਾਬੀ ਹਿੰਦੀ ਕੋਸ਼
260 ## - PUBLICATION, DISTRIBUTION, ETC.
Place of publication, distribution, etc. ਪੰਜਾਬ, ਭਾਰਤ
Name of publisher, distributor, etc. ਪੰਜਾਬ ਭਾਸ਼ਾ ਵਿਭਾਗ
Date of publication, distribution, etc. 2023
300 ## - PHYSICAL DESCRIPTION
Extent 766ਪ੍ਰ0
365 ## - TRADE PRICE
Price type code INR
Price amount 460
490 ## - SERIES STATEMENT
Volume/sequential designation Part 1
650 ## - SUBJECT ADDED ENTRY--TOPICAL TERM
Topical term or geographic name entry element Linguistic
9 (RLIN) 558313
942 ## - ADDED ENTRY ELEMENTS (KOHA)
Koha item type Reference
Classification part P168:4k 153R3(RR)
Holdings
Withdrawn status Lost status Damaged status Not for loan Home library Current library Date acquired Source of acquisition Cost, normal purchase price Inventory number Total Checkouts Full call number Barcode Date last seen Price effective from Koha item type
        Central Library Central Library 2024-11-29 H.K. Prakashan 460.00 1631 & 29/01/2024   P168:4k 153R3(RR) CL1680851 2024-11-29 2024-11-29 Reference
Copyright @ Delhi University Library System